SAR στην περιοχή του αιγαίου : διπλωματική εργασία

Αποθηκεύτηκε σε:
Λεπτομέρειες βιβλιογραφικής εγγραφής
Κύριος συγγραφέας: Μιχαηλίδης, Νικόλαος
Συγγραφή απο Οργανισμό/Αρχή: Πανεπιστήμιο Αιγαίου Σχολή Επιστημών της Διοίκησης Τμήμα Ναυτιλίας και Επιχειρηματικών Υπηρεσιών Πρόγραμμα Μεταπτυχιακών Σπουδών "Ναυτιλία, Μεταφορές και Διεθνές Εμπόριο - ΝΑ.Μ.Ε."
Άλλοι συγγραφείς: Νικητάκος, Νικήτας (Εισηγητής διατριβής)
Μορφή: Thesis Βιβλίο
Γλώσσα:Greek
Δημοσίευση: 2008
Θέματα:
Διαθέσιμο Online:http://hdl.handle.net/11610/13149
Ετικέτες: Προσθήκη ετικέτας
Δεν υπάρχουν, Καταχωρήστε ετικέτα πρώτοι!

MARC

LEADER 00000cam a2200000 i 4500
001 1/99740
008 081217s2008 gre d
035 |l 10102580 
040 |a GR-MY-UA  |b gre  |e aacr 
041 0 |a gre 
082 0 |a 623.893  |2 (22) 
100 1 |a Μιχαηλίδης, Νικόλαος. 
245 1 0 |a SAR στην περιοχή του αιγαίου :  |b διπλωματική εργασία /  |c Μιχαηλίδης Νικόλαος ; επιβλέπων Νικήτας Νικητάκος 
260 |c 2008 
300 |a 73 σ.;  |b εικ.;  |c 30 εκ. 
502 # # |a Διατριβή (μεταπτυχιακή) – Πανεπιστήμιο Αιγαίου, Χίος, 2008. 
504 |a Περιλαμβάνει βιβλιογραφία 
610 2 0 |a Πανεπιστήμιο Αιγαίου. 
650 0 0 |a Radio in navigation. 
650 0 0 |a Navigation  |x Safety measures. 
650 0 0 |a Distress signals. 
650 0 0 |a Artificial satellites in navigation. 
650 0 0 |a Dissertations, Academic  |z Greece. 
700 1 |4 ths  |a Νικητάκος, Νικήτας. 
710 1 |a Πανεπιστήμιο Αιγαίου  |b Σχολή Επιστημών της Διοίκησης  |b Τμήμα Ναυτιλίας και Επιχειρηματικών Υπηρεσιών  |b Πρόγραμμα Μεταπτυχιακών Σπουδών "Ναυτιλία, Μεταφορές και Διεθνές Εμπόριο - ΝΑ.Μ.Ε.". 
852 |a INST  |b CHIOS  |c DIATR  |e 20081217  |h 623.893 ΜΙΧ  |p 005200029282  |q 005200029282  |t MTXE  |y 23 
852 |a INST  |b CHIOS  |c DIATR  |e 20081217  |h 623.893 ΜΙΧ  |p 005200029291  |q 005200029291  |t MTXE  |y 23 
856 |u http://hdl.handle.net/11610/13149 
901 |a BIBL2-2008-3 
909 |a Χ  |b 146983 
909 |a Χ  |b 146984 
924 |a ΜΙΧΑΗΛΙΔΗΣ  |b ΝΙΚΟΛΑΟΣ  |y ΧΙΟΣ  |z 2008-12 
970 |a ΒΑΣΙΛΑΚΗ  |b ΝΙΚΗ  |z 2008/12/17